000 00721nam a2200193 4500
001 112473
003 ES-MaACL
005 20230906185533.0
007 t|
008 061121s1948 pr r ||||1| spa d
100 1 _aMuñoz Morales, Luis.
_984464
245 1 0 _aCompendio de Legislación Puertorriqueña y sus precedentes /
_cLuis Muñoz Morales.
260 _aRío Piedras (Puerto Rico) :
_bUniversidad de Puerto Rico,
_c1948.
300 _aVI, 314 p. ;
_c22 cm.
490 1 _aTrabajos de la Facultad de Derecho de la Universidad de Puerto Rico ;
_v6
830 0 _aTrabajos de la Facultad de Derecho de la Universidad de Puerto Rico ;
_v6
_9185709
852 _aES-MaACL
_jB-1290
_bR.28537
999 _c112473
_d112473